000 00492nac a22001571u 4500
008 100831t2003 xxu|||||r|||| 001 0 eng d
020 _a8120324129
082 _a004.62
_bNET
_222
100 _a20080729
_917748
245 _aNetwork Protocols And Standards.
260 _aNew Delhi :
_bPrentice-Hall of India,
_c2003.
300 _a322 p.
_bill. ;
_c24 cm.
650 _aComputer network protocols.
_917749
710 _aNIIT (Corporation)
_917750
942 _cBB
_k004.62NET
_2ddc
999 _c762
_d762